Business Communication & Executive Effectiveness (Record no. 354104)

MARC details
000 -LEADER
fixed length control field 00390nam a2200145Ia 4500
008 - FIXED-LENGTH DATA ELEMENTS--GENERAL INFORMATION
fixed length control field 230719s9999 xx 000 0 und d
041 ## - LANGUAGE CODE
Language code of text/sound track or separate title eng
082 ## - DEWEY DECIMAL CLASSIFICATION NUMBER
Classification number 372.4
Item number SHR
100 ## - MAIN ENTRY--PERSONAL NAME
Personal name Shrikhande R.
9 (RLIN) 115777
245 ## - TITLE STATEMENT
Title Business Communication & Executive Effectiveness
260 ## - PUBLICATION, DISTRIBUTION, ETC. (IMPRINT)
Name of publisher, distributor, etc. Symbiosis Center for Distance
300 ## - PHYSICAL DESCRIPTION
Extent 220
365 ## - TRADE PRICE
Currency code Rs.
Price amount 1.00
700 ## - ADDED ENTRY--PERSONAL NAME
Personal name Shrikhande R.
9 (RLIN) 115777
Holdings
Withdrawn status Lost status Damaged status Not for loan Home library Current library Shelving location Date acquired Vendor Cost, normal purchase price Full call number Barcode Date last seen Cost, replacement price Bill Date Koha item type Original Barcode
        Cummins College of Engineering for Women Pune Cummins College of Engineering for Women Pune Donated Book 15/02/2013 Masurkar Enterprises 1.00 372.4 CCEP-DB-309 19/07/2023 1.00 19/07/2023 Books D00309